Australian TV Personalities Click Quiz - Statistics

General Stats
  • This quiz has been taken 41 times
  • The average score is 13 of 30
Answer Stats
Hint Answer % Correct
Stefanovic Karl
83%
McGuire Eddie
78%
Denyer Grant
78%
McManus Rove
78%
Günsberg Osher
70%
Sales Leigh
61%
Bickmore Carrie
57%
Cam Scott
57%
Rowe Jessica
52%
Monk Sophie
52%
Hildebrand Joe
48%
Warhurst Myf
48%
Swan Chrissie
43%
Wilkinson Lisa
43%
Wilkins Richard
43%
Kennerley Kerri-Anne
35%
Micallef Shaun
35%
Keller Amanda
30%
Bishop Angela
30%
Preston Matt
30%
Aly Waleed
30%
Hughes Dave
26%
Killeen Gretel
26%
Morris Julia
26%
Bridges Michelle
26%
Price Steve
26%
Ryan Beau
22%
Overton Peter
17%
Craft Shelley
17%
Harris Sarah
13%
No matching quizzes found
Score Distribution
Percent of People with Each Score
Percentile by Number Answered
Your Score History
You have not taken this quiz